| 000 -ლიდერი |
| ფიქსირებული სიგრძის საკონტროლო ველი |
01481nam a22002417a 4500 |
| 003 - საკონტროლო ნომრის იდენტიფიკატორი |
| საკონტროლო ველი |
Ge_BSU |
| 005 - ბოლო ოპერაციის თარიღი და დრო |
| საკონტროლო ველი |
20221230111113.0 |
| 008 - ფიქსირებული სიგრძის მონაცემთა ელემენტები - ზოგადი ინფორმაცია |
| ფიქსირებული სიგრძის საკონტროლო ველი |
221230s2022ge xxu||||| |||| 00| 0 geo d |
| 020 ## - წიგნის საერთაშორისო სტანდარტული ნომერი |
| International Standard Book Number |
9789941972492. |
| 041 ## - ენის კოდი |
| Language code of text/sound track or separate title |
geo |
| Language code of accompanying material other than librettos |
ita |
| 080 ## - უნივერსალური ათობითი კლასიფიკაციის ინდექსი |
| Universal Decimal Classification number |
37.01 ვ-16 |
| 100 ## - მთავარი ჩანაწერი - პიროვნების სახელი |
| Personal name |
ვალე, მარიო |
| 9 (RLIN) |
16645 |
| 245 ## - ცნობა სათაურის შესახებ |
| Title |
მონტესორის პედაგოგიკა და ახალი ტექნოლოგიები : |
| Remainder of title |
შესაძლო ინტეგრაცია? / |
| Statement of responsibility, etc |
მარიო ვალე ; გრაცია ჰონეჯერ ფრესკოს წინასიტყვაობით ; იტალიურიდან თარგმნა მაია ტურაბელიძემ |
| 264 ## - წარმოების, გამოცემის, დისტრიბუციის და სხვა ცნობები |
| გამოცემის, წარმოების, დისტრიბუციის... ადგილი |
თბილისი : |
| გამოცემის, წარმოების, დისტრიბუციის... სახელწოდება |
საგა, |
| გამოცემის, წარმოების, დისტრიბუციის... თარიღი |
2022. |
| 300 ## - ფიზიკური აღწერა |
| Extent |
197 გვ. |
| Other physical details |
20 სმ. |
| 546 ## - LANGUAGE NOTE |
| Language note |
პარალელური სათაური იტალიურ ენაზე. |
| 653 ## - INDEX TERM--UNCONTROLLED |
| Uncontrolled term |
მონტესორის პედაგოგიკა და ახალი ტექნოლოგიები |
| 653 ## - INDEX TERM--UNCONTROLLED |
| Uncontrolled term |
პედაგოგიკა |
| 653 ## - INDEX TERM--UNCONTROLLED |
| Uncontrolled term |
ახალი ტექნოლოგიები |
| 700 ## - ADDED ENTRY--PERSONAL NAME |
| Personal name |
ფრესკო, გრაცია ჰონეჯერ |
| Relator term |
წინასიტყვაობის ავტორი |
| 9 (RLIN) |
16646 |
| 700 ## - ADDED ENTRY--PERSONAL NAME |
| Personal name |
ტურაბელიძე, მაია |
| Relator term |
მთარგმნელი |
| 9 (RLIN) |
16647 |
| 942 ## - ADDED ENTRY ELEMENTS (KOHA) |
| Source of classification or shelving scheme |
|
| Koha item type |
წიგნი |